[Event "Adygea blitz op"]
[Site "Maikop"]
[Date "2019.05.04"]
[Round "9"]
[White "Dezhurko, Arkadi"]
[Black "Khagurov, Nukh"]
[Result "1-0"]
[WhiteElo "2159"]
[BlackElo "2231"]
[PlyCount "85"]
[EventDate "2019.05.04"]
[EventType "swiss (blitz)"]
[EventRounds "11"]
[EventCountry "RUS"]
[SourceTitle "CBM 190 Extra"]
[Source "ChessBase"]
[SourceDate "2019.07.15"]
[SourceVersion "1"]
[SourceVersionDate "2019.07.15"]
[SourceQuality "1"]

1. e4 d6 2. d4 Nf6 3. Bc4 c6 4. Qe2 d5 5. exd5 cxd5 6. Bb5+ Nc6 7. Nf3 Bd7 8. c3 e6 9. 0-0 Be7 10. Bf4 0-0 11. Nbd2 a6 12. Bd3 b5 13. Ne5 Nxe5 14. dxe5 Ne8 15. Be3 g6 16. f4 Ng7 17. g4 Qc7 18. Bd4 Bc5 19. Nf3 Qb6 20. Qf2 Bxd4 21. Nxd4 Qc7 22. Rae1 Rab8 23. f5 exf5 24. gxf5 Rfe8 25. f6 Ne6 26. Qh4 Qc5 27. Re3 b4 28. Rh3 h5 29. Bxg6 Nf4 30. Qxf4 fxg6 31. f7+ Kh7 32. fxe8Q Rxe8 33. Qf7+ Kh6 34. Qf4+ Kh7 35. Rg3 Bf5 36. h3 Rf8 37. Kh2 a5 38. Qg5 bxc3 39. bxc3 a4 40. h4 a3 41. Nxf5 Rxf5 42. Rxf5 Qc7 43. Rf6 1-0

[Event "Doroshkevich Memorial op"]
[Site "Belorechensk"]
[Date "2010.05.28"]
[Round "7"]
[White "Kudelya, Igor"]
[Black "Khagurov, Nukh"]
[Result "0-1"]
[WhiteElo "1935"]
[BlackElo "2217"]
[PlyCount "54"]
[EventDate "2010.05.22"]
[EventType "swiss"]
[EventRounds "9"]
[EventCountry "RUS"]
[SourceTitle "EXT 2011"]
[Source "ChessBase"]
[SourceDate "2010.11.26"]
[SourceVersion "1"]
[SourceVersionDate "2010.11.26"]
[SourceQuality "1"]

1. e4 g6 2. d4 Bg7 3. Nc3 d6 4. g3 Nf6 5. Bg2 Nbd7 6. Nge2 e5 7. h3 c6 8. a4 0-0 9. Be3 Re8 10. 0-0 a5 11. Re1 Qc7 12. g4 h5 13. g5 Nh7 14. h4 Nhf8 15. f4 Nb6 16. Qd3 Bg4 17. f5 Nfd7 18. Rf1 Rad8 19. Rae1 Nb8 20. b3 Na6 21. Nd1 Nb4 22. Qd2 d5 23. c3 Na6 24. fxg6 fxg6 25. Nf2 Be6 26. Qc2 Qf7 27. Kh1 c5 0-1

[Event "Doroshkevich Memorial op"]
[Site "Belorechensk"]
[Date "2010.05.23"]
[Round "2"]
[White "Khagurov, Nukh"]
[Black "Gabrielian, Artur"]
[Result "0-1"]
[WhiteElo "2217"]
[BlackElo "2524"]
[PlyCount "48"]
[EventDate "2010.05.22"]
[EventType "swiss"]
[EventRounds "9"]
[EventCountry "RUS"]
[SourceTitle "EXT 2011"]
[Source "ChessBase"]
[SourceDate "2010.11.26"]
[SourceVersion "1"]
[SourceVersionDate "2010.11.26"]
[SourceQuality "1"]

1. d4 Nf6 2. c3 g6 3. Bf4 Bg7 4. e3 0-0 5. Be2 d6 6. h3 Nc6 7. Nf3 Ne4 8. Qc2 f5 9. Nbd2 e5 10. Bh2 Nxd2 11. Qxd2 e4 12. Ng1 Rb8 13. Bg3 b5 14. h4 Bf6 15. f4 Na5 16. h5 c5 17. Nh3 cxd4 18. cxd4 Nc4 19. Bxc4+ bxc4 20. hxg6 h6 21. Nf2 c3 22. bxc3 Ba6 23. Rxh6 Qc8 24. Nh3 Qc4 0-1

[Event "Sarkisov Memorial op"]
[Site "Krasnodar"]
[Date "2002.??.??"]
[Round "?"]
[White "Khagurov, Nukh"]
[Black "Demchenko, Anton"]
[Result "0-1"]
[WhiteElo "2249"]
[BlackElo "2328"]
[PlyCount "88"]
[EventDate "2002.04.??"]
[EventType "swiss"]
[EventRounds "9"]
[EventCountry "RUS"]
[SourceTitle "EXT 2003"]
[Source "ChessBase"]
[SourceDate "2002.11.25"]
[SourceVersion "1"]
[SourceVersionDate "2002.11.25"]
[SourceQuality "1"]

1. d4 d5 2. c3 e6 3. Bf4 c5 4. e3 Nf6 5. Nd2 Nc6 6. Bd3 Bd6 7. Bg3 Bxg3 8. hxg3 Qd6 9. f4 Bd7 10. Qe2 a6 11. Ngf3 b5 12. Ne5 c4 13. Bc2 g6 14. g4 Qe7 15. Ndf3 0-0-0 16. Rh3 h6 17. a4 Kb7 18. b4 Rdg8 19. Nxc6 Bxc6 20. Ne5 Nd7 21. Nxc6 Kxc6 22. Kd2 f5 23. Rah1 Qg7 24. Rg3 Qf8 25. Ra1 Nb6 26. Rh3 Kb7 27. axb5 axb5 28. Ra5 Kc6 29. Rh1 Qg7 30. Rha1 Qc7 31. g3 Qd6 32. Qd1 Ra8 33. Rxa8 Nxa8 34. Ra7 Nc7 35. Qa1 Qd8 36. Qa5 Qb8 37. Ba4 Rh7 38. Bd1 Qb6 39. Qa1 h5 40. g5 h4 41. g4 h3 42. gxf5 h2 43. fxg6 h1Q 44. gxh7 Qxh7 0-1

[Event "Sarkisov Memorial op"]
[Site "Krasnodar"]
[Date "2002.??.??"]
[Round "?"]
[White "Lastovina, Tatiana"]
[Black "Khagurov, Nukh"]
[Result "0-1"]
[WhiteElo "2153"]
[BlackElo "2275"]
[PlyCount "76"]
[EventDate "2002.04.??"]
[EventType "swiss"]
[EventRounds "9"]
[EventCountry "RUS"]
[SourceTitle "EXT 2003"]
[Source "ChessBase"]
[SourceDate "2002.11.25"]
[SourceVersion "1"]
[SourceVersionDate "2002.11.25"]
[SourceQuality "1"]

1. e4 d6 2. d4 Nf6 3. Nc3 c6 4. Be3 Nbd7 5. Qd2 b5 6. f3 a6 7. a4 b4 8. Nd1 a5 9. b3 Qc7 10. Nh3 e5 11. dxe5 dxe5 12. Nhf2 Be7 13. Be2 0-0 14. 0-0 Rd8 15. Nb2 Nc5 16. Qe1 Ne6 17. Nfd3 Nd4 18. Bxd4 Rxd4 19. Nc4 Nd7 20. Qg3 f6 21. Rad1 Qa7 22. Kh1 Nf8 23. Ne3 Be6 24. Qf2 Rad8 25. g3 R8d7 26. Kg1 Bd8 27. Rfe1 Bb6 28. Kg2 R7d6 29. Bf1 Qd7 30. Qe2 Ng6 31. Rc1 Ne7 32. Nd1 Bxb3 33. cxb3 Rxd3 34. Kh1 Kf8 35. Qc2 Rd2 36. Qb1 f5 37. Nb2 Rh6 38. Re2 Qd4 0-1

[Event "RUS-ch sf"]
[Site "Krasnodar"]
[Date "2001.??.??"]
[Round "?"]
[White "Dashko, Andrey"]
[Black "Khagurov, Nukh"]
[Result "1-0"]
[WhiteElo "2437"]
[BlackElo "2233"]
[PlyCount "89"]
[EventDate "2001.??.??"]
[EventType "swiss"]
[EventRounds "9"]
[EventCountry "RUS"]
[SourceTitle "EXT 2002"]
[Source "ChessBase"]
[SourceDate "2001.11.25"]
[SourceVersion "1"]
[SourceVersionDate "2001.11.25"]
[SourceQuality "1"]

1. e4 d6 2. d4 Nf6 3. Nc3 g6 4. f3 c6 5. Be3 Nbd7 6. Qd2 b5 7. 0-0-0 Nb6 8. Bd3 Qc7 9. e5 Nfd5 10. Nxd5 Nxd5 11. exd6 Qxd6 12. Ne2 a5 13. Ng3 f5 14. Bh6 a4 15. Bxf8 Rxf8 16. Ne2 Be6 17. c3 f4 18. g3 Ne3 19. Rde1 Bxa2 20. Nxf4 Nc4 21. Bxc4 Bxc4 22. Nd3 a3 23. b4 Bxd3 24. Qxd3 Qd5 25. Re3 Ra7 26. Rhe1 Kf7 27. Re5 Qb3 28. Qc2 Qxc2+ 29. Kxc2 e6 30. Ra1 Ke7 31. f4 Kd6 32. Kb3 Rfa8 33. Rae1 Re7 34. R1e2 Kd7 35. Ra2 Kd6 36. h4 Rea7 37. Rae2 a2 38. Rxe6+ Kc7 39. Re7+ Kb6 40. Rxa7 Rxa7 41. Rxa2 Re7 42. Rf2 Re3 43. g4 Kc7 44. f5 gxf5 45. Rxf5 1-0

[Event "RUS-ch sf"]
[Site "Krasnodar"]
[Date "2001.??.??"]
[Round "?"]
[White "Kotenko, Pavel"]
[Black "Khagurov, Nukh"]
[Result "1-0"]
[WhiteElo "2306"]
[BlackElo "2233"]
[PlyCount "91"]
[EventDate "2001.??.??"]
[EventType "swiss"]
[EventRounds "9"]
[EventCountry "RUS"]
[SourceTitle "EXT 2002"]
[Source "ChessBase"]
[SourceDate "2001.11.25"]
[SourceVersion "1"]
[SourceVersionDate "2001.11.25"]
[SourceQuality "1"]

1. e4 d6 2. d4 Nf6 3. Nc3 g6 4. g3 Bg7 5. Bg2 0-0 6. Nge2 Nbd7 7. 0-0 c5 8. b3 Rb8 9. a4 b6 10. Bb2 Bb7 11. Qd2 a6 12. Nd5 Ne8 13. c4 e6 14. Ndc3 cxd4 15. Nxd4 Nc5 16. Ra3 Qe7 17. b4 Nd7 18. Nd1 Rc8 19. Ne3 Nef6 20. f3 Rfd8 21. a5 bxa5 22. Rxa5 Rc7 23. Rc1 Rdc8 24. Nb3 h5 25. Ba3 Ne8 26. f4 Qd8 27. Bb2 Bf8 28. f5 exf5 29. exf5 Bxg2 30. Nxg2 Ne5 31. Bxe5 dxe5 32. Qxd8 Rxd8 33. fxg6 f6 34. Rxa6 Bxb4 35. Ne3 Bf8 36. Nd5 Rb7 37. Na5 Rb2 38. Nc6 Bc5+ 39. Kh1 Rd6 40. Nce7+ Kg7 41. Ra8 Rxd5 42. cxd5 Bxe7 43. Rxe8 Ba3 44. Rd8 Kxg6 45. d6 Bxd6 46. Rxd6 1-0

[Event "RUS-ch sf"]
[Site "Krasnodar"]
[Date "1999.??.??"]
[Round "2"]
[White "Khagurov, Nukh"]
[Black "Maiorov, Oleg Ivanovich"]
[Result "1-0"]
[WhiteElo "2283"]
[BlackElo "2400"]
[PlyCount "77"]
[EventDate "1999.??.??"]
[EventType "swiss"]
[EventRounds "9"]
[EventCountry "RUS"]
[SourceTitle "EXT 2002"]
[Source "ChessBase"]
[SourceDate "2001.11.25"]
[SourceVersion "1"]
[SourceVersionDate "2001.11.25"]
[SourceQuality "1"]

1. d4 Nf6 2. c3 g6 3. Bf4 d6 4. h3 Nbd7 5. Nf3 Bg7 6. e3 0-0 7. Be2 b6 8. 0-0 Bb7 9. Bh2 e6 10. a4 a5 11. Na3 Ne4 12. Ne1 e5 13. Qc2 f5 14. Rd1 Qe7 15. Nd3 h5 16. Nb5 Rac8 17. Na7 Rb8 18. Nb5 Qg5 19. f4 exf4 20. Nxf4 Rbc8 21. Bc4+ Kh8 22. Rde1 Qh6 23. Be6 Rfd8 24. d5 Be5 25. Nxg6+ Qxg6 26. Bxe5+ Nxe5 27. Bxf5 Qg8 28. Bxe4 Rf8 29. Qe2 Qg5 30. Rf4 Ng6 31. Bxg6 Qxg6 32. c4 Rfe8 33. Qf3 Re5 34. Rf8+ Kg7 35. Rf1 Rce8 36. Rxe8 Qxe8 37. Qf6+ Kh7 38. Nxc7 Qg6 39. Qf8 1-0

[Event "RUS-Cup"]
[Site "Krasnodar"]
[Date "1998.??.??"]
[Round "5"]
[White "Khagurov, Nukh"]
[Black "Alavkin, Arseny Nailievich"]
[Result "1-0"]
[WhiteElo "2245"]
[BlackElo "2440"]
[PlyCount "61"]
[EventDate "1998.??.??"]
[EventType "swiss"]
[EventRounds "9"]
[EventCountry "RUS"]
[SourceTitle "EXT 2000"]
[Source "ChessBase"]
[SourceDate "1999.11.16"]
[SourceVersion "1"]
[SourceVersionDate "1999.11.16"]
[SourceQuality "1"]

1. d4 d5 2. c3 Nf6 3. Bf4 e6 4. e3 c5 5. Nd2 Nc6 6. Bg3 Be7 7. Bd3 Qb6 8. Rb1 Bd7 9. Qe2 Rc8 10. Nh3 0-0 11. Ng5 h6 12. h4 Rfd8 13. Be5 Be8 14. Bg3 cxd4 15. exd4 Bd6 16. Bxd6 Rxd6 17. f4 Ne7 18. Rh3 Ng6 19. g3 hxg5 20. hxg5 Nd7 21. Qh2 Ndf8 22. Kf2 f6 23. gxf6 gxf6 24. g4 f5 25. gxf5 exf5 26. Bxf5 Rc7 27. Bd3 Rf6 28. f5 Rh7 29. Nf3 Bd7 30. Rxh7 Nxh7 31. fxg6 1-0

[Event "RUS-Cup"]
[Site "Krasnodar"]
[Date "1998.??.??"]
[Round "7"]
[White "Khagurov, Nukh"]
[Black "Korneev, Oleg"]
[Result "0-1"]
[WhiteElo "2245"]
[BlackElo "2560"]
[PlyCount "52"]
[EventDate "1998.??.??"]
[EventType "swiss"]
[EventRounds "9"]
[EventCountry "RUS"]
[SourceTitle "EXT 2000"]
[Source "ChessBase"]
[SourceDate "1999.11.16"]
[SourceVersion "1"]
[SourceVersionDate "1999.11.16"]
[SourceQuality "1"]

1. d4 d5 2. c3 Nf6 3. Bf4 e6 4. e3 Bd6 5. Bg3 0-0 6. Bd3 b6 7. Nd2 Bb7 8. Qb1 c5 9. Ngf3 Nc6 10. 0-0 Bxg3 11. hxg3 h6 12. Re1 Qc7 13. b4 Rab8 14. b5 Ne7 15. Ne5 Nc8 16. f3 Nd6 17. Kf2 Nd7 18. g4 cxd4 19. cxd4 Nxe5 20. dxe5 Nc4 21. Nxc4 dxc4 22. Bh7+ Kh8 23. g5 Qxe5 24. g6 Bxf3 25. gxf3 Qh2+ 26. Kf1 fxg6 0-1